<?xml version="1.0" encoding="UTF-8"?>
<record
    xmlns:xsi="http://www.w3.org/2001/XMLSchema-instance"
    xsi:schemaLocation="http://www.loc.gov/MARC21/slim http://www.loc.gov/standards/marcxml/schema/MARC21slim.xsd"
    xmlns="http://www.loc.gov/MARC21/slim">

  <leader>01004nam a2200241 a 4500</leader>
  <controlfield tag="001">38736</controlfield>
  <controlfield tag="003">BD-RjUL</controlfield>
  <controlfield tag="005">20211209052841.0</controlfield>
  <controlfield tag="008">160712s2006    bg ||||| |||| 00| 0 ben d</controlfield>
  <datafield tag="035" ind1=" " ind2=" ">
    <subfield code="a">(BD-RjUL)38845</subfield>
  </datafield>
  <datafield tag="040" ind1=" " ind2=" ">
    <subfield code="a">BD-RjUL</subfield>
    <subfield code="b">eng</subfield>
    <subfield code="c">BD-RjUL</subfield>
  </datafield>
  <datafield tag="041" ind1=" " ind2=" ">
    <subfield code="a">ben</subfield>
  </datafield>
  <datafield tag="082" ind1=" " ind2=" ">
    <subfield code="a">530.11</subfield>
    <subfield code="2">23</subfield>
    <subfield code="b">EIA 2006</subfield>
  </datafield>
  <datafield tag="100" ind1=" " ind2=" ">
    <subfield code="a">&#x986;&#x987;&#x9A8;&#x9B8;&#x9CD;&#x99F;&#x9BE;&#x987;&#x9A8;, &#x98F;. </subfield>
    <subfield code="9">119500</subfield>
  </datafield>
  <datafield tag="245" ind1=" " ind2=" ">
    <subfield code="a">&#x986;&#x9AA;&#x9C7;&#x995;&#x9CD;&#x9B7;&#x9BF;&#x995;&#x9A4;&#x9BE; &#x9A8;&#x9C0;&#x9A4;&#x9BF; /</subfield>
    <subfield code="c">&#x98F;. &#x986;&#x987;&#x9A8;&#x9B8;&#x9CD;&#x99F;&#x9BE;&#x987;&#x9A8;, &#x98F;&#x987;&#x99A;. &#x9AE;&#x9BF;&#x982;&#x995;&#x9CB;&#x9AD;&#x9B8;&#x9CD;&#x995;&#x9BF; ; &#x985;&#x9A8;&#x9C1;&#x9AC;&#x9BE;&#x9A6;, &#x9B8;&#x9C1;&#x9AC;&#x9CD;&#x9B0;&#x9A4; &#x9AE;&#x99C;&#x9C1;&#x9AE;&#x9A6;&#x9BE;&#x9B0;</subfield>
  </datafield>
  <datafield tag="260" ind1=" " ind2=" ">
    <subfield code="a">&#x9A2;&#x9BE;&#x995;&#x9BE; :</subfield>
    <subfield code="b">&#x9AC;&#x9BE;&#x982;&#x9B2;&#x9BE; &#x98F;&#x995;&#x9BE;&#x9A1;&#x9C7;&#x9AE;&#x9C0;,</subfield>
    <subfield code="c">&#x9E8;&#x9E6;&#x9E6;&#x9EC;</subfield>
  </datafield>
  <datafield tag="300" ind1=" " ind2=" ">
    <subfield code="a">&#x9E7;&#x9E8;&#x9EE; &#x9AA;&#x9C3;. ;</subfield>
    <subfield code="c">&#x9E8;&#x9EA; &#x9B8;&#x9C7;&#x9AE;&#x9BF;.</subfield>
  </datafield>
  <datafield tag="650" ind1=" " ind2=" ">
    <subfield code="a">&#x986;&#x9AA;&#x9C7;&#x995;&#x9CD;&#x9B7;&#x9BF;&#x995;&#x9A4;&#x9BE; (&#x9AA;&#x9A6;&#x9BE;&#x9B0;&#x9CD;&#x9A5;&#x9AC;&#x9BF;&#x9A6;&#x9CD;&#x9AF;&#x9BE;)</subfield>
    <subfield code="9">119499</subfield>
  </datafield>
  <datafield tag="650" ind1=" " ind2=" ">
    <subfield code="a">Relativity (Physics)</subfield>
    <subfield code="9">116965</subfield>
  </datafield>
  <datafield tag="700" ind1=" " ind2=" ">
    <subfield code="a">&#x98F;&#x987;&#x99A;. &#x9AE;&#x9BF;&#x982;&#x995;&#x9CB;&#x9AD;&#x9B8;&#x9CD;&#x995;&#x9BF;</subfield>
    <subfield code="9">119501</subfield>
  </datafield>
  <datafield tag="700" ind1=" " ind2=" ">
    <subfield code="a">&#x9AE;&#x99C;&#x9C1;&#x9AE;&#x9A6;&#x9BE;&#x9B0;, &#x9B8;&#x9C1;&#x9AC;&#x9CD;&#x9B0;&#x9A4; </subfield>
    <subfield code="9">119502</subfield>
  </datafield>
  <datafield tag="942" ind1=" " ind2=" ">
    <subfield code="2">ddc</subfield>
    <subfield code="c">BK</subfield>
    <subfield code="0">1</subfield>
  </datafield>
  <datafield tag="999" ind1=" " ind2=" ">
    <subfield code="c">38736</subfield>
    <subfield code="d">38736</subfield>
  </datafield>
  <datafield tag="952" ind1=" " ind2=" ">
    <subfield code="0">0</subfield>
    <subfield code="1">0</subfield>
    <subfield code="2">ddc</subfield>
    <subfield code="4">0</subfield>
    <subfield code="7">0</subfield>
    <subfield code="8">NFIC</subfield>
    <subfield code="a">RUCL</subfield>
    <subfield code="b">RUCL</subfield>
    <subfield code="c">Stack</subfield>
    <subfield code="d">2012-07-08</subfield>
    <subfield code="e">&#x9B0;&#x9BE;&#x99C;&#x9B6;&#x9BE;&#x9B9;&#x9C0;, &#x9B2;&#x9C7;&#x996;&#x995;</subfield>
    <subfield code="g">155.00</subfield>
    <subfield code="l">1</subfield>
    <subfield code="o">B 530.11 EIA 2006</subfield>
    <subfield code="r">2016-02-27 00:00:00</subfield>
    <subfield code="s">2016-02-20</subfield>
    <subfield code="t">C-2</subfield>
    <subfield code="w">2021-12-09</subfield>
    <subfield code="y">BK</subfield>
  </datafield>
  <datafield tag="952" ind1=" " ind2=" ">
    <subfield code="0">0</subfield>
    <subfield code="1">0</subfield>
    <subfield code="2">ddc</subfield>
    <subfield code="4">0</subfield>
    <subfield code="7">0</subfield>
    <subfield code="8">NFIC</subfield>
    <subfield code="a">RUCL</subfield>
    <subfield code="b">RUCL</subfield>
    <subfield code="c">Stack</subfield>
    <subfield code="d">2012-07-08</subfield>
    <subfield code="e">Author</subfield>
    <subfield code="g">155.00</subfield>
    <subfield code="l">0</subfield>
    <subfield code="o">B 530.11 EIA 2006</subfield>
    <subfield code="r">2016-08-09 00:00:00</subfield>
    <subfield code="t">C-3</subfield>
    <subfield code="w">2016-08-09</subfield>
    <subfield code="y">BK</subfield>
  </datafield>
  <datafield tag="952" ind1=" " ind2=" ">
    <subfield code="0">0</subfield>
    <subfield code="1">0</subfield>
    <subfield code="2">ddc</subfield>
    <subfield code="4">0</subfield>
    <subfield code="7">0</subfield>
    <subfield code="8">NFIC</subfield>
    <subfield code="a">RUCL</subfield>
    <subfield code="b">RUCL</subfield>
    <subfield code="c">Stack</subfield>
    <subfield code="d">2012-07-08</subfield>
    <subfield code="e">Author</subfield>
    <subfield code="g">155.00</subfield>
    <subfield code="l">0</subfield>
    <subfield code="o">B 530.11 EIA 2006</subfield>
    <subfield code="r">2016-08-09 00:00:00</subfield>
    <subfield code="t">C-4</subfield>
    <subfield code="w">2021-12-09</subfield>
    <subfield code="y">BK</subfield>
  </datafield>
  <datafield tag="952" ind1=" " ind2=" ">
    <subfield code="0">0</subfield>
    <subfield code="1">0</subfield>
    <subfield code="2">ddc</subfield>
    <subfield code="4">0</subfield>
    <subfield code="7">0</subfield>
    <subfield code="8">NFIC</subfield>
    <subfield code="a">RUCL</subfield>
    <subfield code="b">RUCL</subfield>
    <subfield code="c">Stack</subfield>
    <subfield code="d">2012-07-08</subfield>
    <subfield code="e">Author</subfield>
    <subfield code="g">155.00</subfield>
    <subfield code="l">0</subfield>
    <subfield code="o">B 530.11 EIA 2006</subfield>
    <subfield code="r">2016-08-09 00:00:00</subfield>
    <subfield code="t">C-5</subfield>
    <subfield code="w">2016-08-09</subfield>
    <subfield code="y">BK</subfield>
  </datafield>
  <datafield tag="952" ind1=" " ind2=" ">
    <subfield code="0">0</subfield>
    <subfield code="1">0</subfield>
    <subfield code="2">ddc</subfield>
    <subfield code="4">0</subfield>
    <subfield code="7">0</subfield>
    <subfield code="8">NFIC</subfield>
    <subfield code="a">RUCL</subfield>
    <subfield code="b">RUCL</subfield>
    <subfield code="c">Stack</subfield>
    <subfield code="d">2012-07-08</subfield>
    <subfield code="e">Author</subfield>
    <subfield code="g">155.00</subfield>
    <subfield code="l">0</subfield>
    <subfield code="o">B 530.11 EIA 2006</subfield>
    <subfield code="r">2016-08-09 00:00:00</subfield>
    <subfield code="t">C-6</subfield>
    <subfield code="w">2016-08-09</subfield>
    <subfield code="y">BK</subfield>
  </datafield>
  <datafield tag="952" ind1=" " ind2=" ">
    <subfield code="0">0</subfield>
    <subfield code="1">0</subfield>
    <subfield code="2">ddc</subfield>
    <subfield code="4">0</subfield>
    <subfield code="7">0</subfield>
    <subfield code="8">NFIC</subfield>
    <subfield code="a">RUCL</subfield>
    <subfield code="b">RUCL</subfield>
    <subfield code="c">Stack</subfield>
    <subfield code="d">2012-07-08</subfield>
    <subfield code="e">Author</subfield>
    <subfield code="g">155.00</subfield>
    <subfield code="l">0</subfield>
    <subfield code="o">B 530.11 EIA 2006</subfield>
    <subfield code="r">2016-08-09 00:00:00</subfield>
    <subfield code="t">C-7</subfield>
    <subfield code="w">2016-08-09</subfield>
    <subfield code="y">BK</subfield>
  </datafield>
  <datafield tag="952" ind1=" " ind2=" ">
    <subfield code="0">0</subfield>
    <subfield code="1">0</subfield>
    <subfield code="2">ddc</subfield>
    <subfield code="4">0</subfield>
    <subfield code="7">1</subfield>
    <subfield code="8">NFIC</subfield>
    <subfield code="a">RUCL</subfield>
    <subfield code="b">RUCL</subfield>
    <subfield code="c">Reading</subfield>
    <subfield code="d">2021-12-09</subfield>
    <subfield code="e">Dhaka, Bangla Academy</subfield>
    <subfield code="g">155.00</subfield>
    <subfield code="l">0</subfield>
    <subfield code="o">B 530.11 EIA 2006</subfield>
    <subfield code="r">2017-04-26 00:00:00</subfield>
    <subfield code="t">C-1</subfield>
    <subfield code="w">2017-04-26</subfield>
    <subfield code="y">BK</subfield>
  </datafield>
</record>
